Abby takes a stand / (Record no. 2200)

MARC details
000 -LEADER
fixed length control field 01127cam a2200301 a 4500
005 - DATE AND TIME OF LATEST TRANSACTION
control field 20250221100937.0
020 ## - INTERNATIONAL STANDARD BOOK NUMBER
International Standard Book Number 9780439027977
040 ## - CATALOGING SOURCE
Original cataloging agency DLC
Transcribing agency DLC
Modifying agency DLC
Language of cataloging eng
050 00 - LIBRARY OF CONGRESS CALL NUMBER
Classification number PZ7.M478693
Item number Ab 2007
082 00 - DEWEY DECIMAL CLASSIFICATION NUMBER
Classification number 316
Edition number 22
100 1# - MAIN ENTRY--PERSONAL NAME
Personal name McKissack, Pat
Dates associated with a name 1944-2017
245 10 - TITLE STATEMENT
Title Abby takes a stand /
Statement of responsibility, etc. by Patricia C. McKissack ; illustrated Gordon C. James.
250 ## - EDITION STATEMENT
Edition statement First Scholastic printing, January 2007
260 ## - PUBLICATION, DISTRIBUTION, ETC.
Place of publication, distribution, etc. New York :
Name of publisher, distributor, etc. Scholastic,
Date of publication, distribution, etc. 2007
300 ## - PHYSICAL DESCRIPTION
Extent 104 pages :
Other physical details illustations
Dimensions 19 cm
490 0# - SERIES STATEMENT
Series statement Scraps of time
505 ## - FORMATTED CONTENTS NOTE
Formatted contents note K
520 ## - SUMMARY, ETC.
Summary, etc. Gee recalls for her grandchildren what happened in 1960 in Nashville, Tennessee, when she, aged ten, passed out flyers while her cousin and other adults held sit-ins at restaurants and lunch counters to protest segregation.
521 ## - TARGET AUDIENCE NOTE
Target audience note 580
Source Lexile
521 ## - TARGET AUDIENCE NOTE
Target audience note K
Source Raz-Plus
650 #1 - SUBJECT ADDED ENTRY--TOPICAL TERM
Topical term or geographic name entry element Segregation
Form subdivision Fiction.
650 #1 - SUBJECT ADDED ENTRY--TOPICAL TERM
Topical term or geographic name entry element Civil rights demonstrations
Form subdivision Fiction.
650 #1 - SUBJECT ADDED ENTRY--TOPICAL TERM
Topical term or geographic name entry element African Americans
Form subdivision Fiction.
700 1# - ADDED ENTRY--PERSONAL NAME
Personal name James, Gordon C.
Relator term illustrator
906 ## - LOCAL DATA ELEMENT F, LDF (RLIN)
a 7
b cbc
c orignew
d 2
e ncip
f 20
g y-gencatlg
942 ## - ADDED ENTRY ELEMENTS (KOHA)
Source of classification or shelving scheme Dewey Decimal Classification
Koha item type Books
Suppress in OPAC No
999 ## -
-- 2200
-- 2200
Holdings
Withdrawn status Lost status Source of classification or shelving scheme Damaged status Not for loan Collection Home library Current library Shelving location Date acquired Total Checkouts Full call number Barcode Date last seen Copy number Price effective from Koha item type
    Dewey Decimal Classification     Juvenile Fiction Footprints International School Library Network Toul Kork Campus Footprints International School Library Network Toul Kork Campus TK Primary Library Room(4th Floor), Bookcase 3&4, Shelves 17-32, Yellow Books 11/10/2023   MCK 316 PZ7.M478693 FISTK04946 11/10/2023 1 11/10/2023 Books
    Dewey Decimal Classification     Juvenile Fiction Footprints International School Library Network Toul Kork Campus Footprints International School Library Network Toul Kork Campus TK Primary Library Room(4th Floor), Bookcase 3&4, Shelves 17-32, Yellow Books 01/17/2024   MCK 316 PZ7.M478693 FISSE01427 01/17/2024 2 01/17/2024 Books
    Dewey Decimal Classification     Juvenile Fiction Footprints International School Library Network Toul Kork Campus Footprints International School Library Network Toul Kork Campus TTP Primary Yellow Bookshelves 02/21/2025   MCK 316 PZ7.M478693 2025-0666 02/21/2025 3 02/21/2025 Books